[Event "Campeonato del Mundo sub-20 2010"]
[Site "Chotowa POL"]
[Date "2010.08.09"]
[Round "6.45"]
[White "Green, Andrew D"]
[Black "Kriebel, Tadeas"]
[Result "0-1"]
[WhiteElo "2172"]
[BlackElo "2320"]
[PlyCount "54"]
[EventDate "2010.08.03"]
[EventType "swiss"]
[EventRounds "13"]
[EventCountry "POL"]
[Source "lmi"]
[SourceDate "2010.08.03"]

1. e4 c5 2. Nf3 d6 3. d4 cxd4 4. Nxd4 Nf6 5. Nc3 a6 6. Be3 e5 7. Nf3 Qc7 8. a4
Be7 9. Be2 O-O 10. O-O b6 11. Qd3 Bb7 12. Nh4 Rd8 13. Nf5 Bf8 14. Bg5 Nbd7 15.
Ne3 Rdc8 16. f3 Qc5 17. Kh1 Qb4 18. Ncd1 h6 19. c3 Qc5 20. Bh4 Nh5 21. Bf2 Nf4
22. Qd2 Qc7 23. Bc4 Nf6 24. Bb3 b5 25. g3 Nxe4 26. Qc2 Nxf2+ 27. Rxf2 Nh3 0-1

[Event "Campeonato del Mundo sub-20 2010"]
[Site "Chotowa POL"]
[Date "2010.08.09"]
[Round "6.46"]
[White "Guo-yuthok, Sherab"]
[Black "Wieczorek, Oskar"]
[Result "0-1"]
[WhiteElo "1975"]
[BlackElo "2316"]
[PlyCount "64"]
[EventDate "2010.08.03"]
[EventType "swiss"]
[EventRounds "13"]
[EventCountry "POL"]
[Source "lmi"]
[SourceDate "2010.08.03"]

1. e4 c5 2. Nc3 e6 3. f4 Nc6 4. Nf3 Nge7 5. Bb5 a6 6. Bxc6 Nxc6 7. a4 Be7 8.
O-O O-O 9. d3 d5 10. Qe1 b6 11. Bd2 dxe4 12. Nxe4 Bb7 13. Bc3 Nd4 14. Rd1 Nxc2
15. Qf2 Nb4 16. Nfg5 h6 17. Qg3 hxg5 18. fxg5 Bxe4 19. dxe4 Qb8 20. Be5 Qe8 21.
Qg4 Nc6 22. Bf6 Rd8 23. Qh5 e5 24. Rd5 Rxd5 25. exd5 Nd4 26. Rd1 c4 27. Rf1 Bc5
28. Kh1 e4 29. Rf4 Qxa4 30. g3 Nf3 31. Rxe4 Qd1+ 32. Kg2 Ne1+ 0-1

[Event "Campeonato del Mundo sub-20 2010"]
[Site "Chotowa POL"]
[Date "2010.08.09"]
[Round "6.48"]
[White "Platzgummer, Fabian"]
[Black "Gator, Mosab"]
[Result "1/2-1/2"]
[WhiteElo "2351"]
[BlackElo "2121"]
[PlyCount "85"]
[EventDate "2010.08.03"]
[EventType "swiss"]
[EventRounds "13"]
[EventCountry "POL"]
[Source "lmi"]
[SourceDate "2010.08.03"]

1. d4 d5 2. c4 e6 3. Nf3 Nf6 4. Nc3 Bb4 5. Qa4+ Nc6 6. e3 O-O 7. Bd3 Bd7 8. Qc2
Re8 9. O-O dxc4 10. Bxc4 a6 11. e4 b5 12. Bd3 e5 13. dxe5 Nxe5 14. Nxe5 Rxe5
15. Bf4 Rc5 16. Rad1 Qe8 17. Be3 Rh5 18. Be2 Bg4 19. f3 Bd7 20. Bf4 Ba5 21. e5
Rxe5 22. Bxe5 Qxe5 23. Bd3 Qh5 24. Ne4 Nd5 25. Ng3 Qh6 26. Be4 Bb6+ 27. Kh1 Ne3
28. Qd2 Rd8 29. Nf5 Qg5 30. Nxe3 Bxe3 31. Qd3 Bf4 32. g3 Bd6 33. Bxh7+ Kh8 34.
Be4 Qh6 35. Qd2 Qf6 36. Qd4 Be5 37. Qd3 g6 38. b3 c5 39. b4 c4 40. Qd5 Kg7 41.
f4 Bc3 42. a3 Bf5 43. Qc6 1/2-1/2

[Event "Campeonato del Mundo sub-20 2010"]
[Site "Chotowa POL"]
[Date "2010.08.09"]
[Round "6.52"]
[White "Lewtak, Damian"]
[Black "Larmuseau, Maarten"]
[Result "0-1"]
[WhiteElo "2008"]
[BlackElo "2277"]
[PlyCount "86"]
[EventDate "2010.08.03"]
[EventType "swiss"]
[EventRounds "13"]
[EventCountry "POL"]
[Source "lmi"]
[SourceDate "2010.08.03"]

1. e4 d6 2. d4 Nf6 3. f3 c5 4. dxc5 Qa5+ 5. Nc3 Qxc5 6. Qd3 Bd7 7. Be3 Qa5 8.
Qd2 Nc6 9. Nb5 Qxd2+ 10. Kxd2 Kd8 11. Rd1 d5 12. exd5 Nxd5 13. Bf2 g6 14. Bc4
e6 15. Bh4+ Be7 16. Bxe7+ Ndxe7 17. Nd6 Ne5 18. Bd3 Kc7 19. Kc1 Be8 20. Nh3 Rd8
21. Nxe8+ Rdxe8 22. Rhe1 N7c6 23. f4 Nd7 24. Ng5 Re7 25. c3 Nc5 26. Bc2 h6 27.
Ne4 Nxe4 28. Rxe4 f5 29. Re3 e5 30. fxe5 Nxe5 31. Ba4 f4 32. Re2 Rd8 33. Rde1
Nd3+ 34. Kb1 Rxe2 35. Rxe2 Rd6 36. b4 g5 37. Kc2 a6 38. Bb3 b5 39. Be6 f3 40.
gxf3 Nf4 41. Re4 Rxe6 42. Rxe6 Nxe6 43. Kd3 Nf4+ 0-1

[Event "Campeonato del Mundo sub-20 2010"]
[Site "Chotowa POL"]
[Date "2010.08.09"]
[Round "6.53"]
[White "Ivanov, Stojan Lubomirov"]
[Black "Van Rensburg, Ryan Pierre"]
[Result "1-0"]
[WhiteElo "2223"]
[BlackElo "2079"]
[PlyCount "69"]
[EventDate "2010.08.03"]
[EventType "swiss"]
[EventRounds "13"]
[EventCountry "POL"]
[Source "lmi"]
[SourceDate "2010.08.03"]

1. e4 c5 2. Nf3 Nc6 3. d4 cxd4 4. Nxd4 Nf6 5. Nc3 e5 6. Ndb5 d6 7. Bg5 a6 8.
Na3 b5 9. Nd5 Be7 10. Bxf6 Bxf6 11. c3 Bg5 12. Nc2 Ne7 13. Ncb4 O-O 14. a4 bxa4
15. Rxa4 a5 16. Nxe7+ Qxe7 17. Nd5 Qb7 18. b3 Be6 19. Bc4 Kh8 20. O-O f5 21.
exf5 Bxf5 22. Ne3 Qb6 23. Bd5 Rab8 24. Nc4 Qxb3 25. Qxb3 Rxb3 26. Nxd6 Rxc3 27.
Nf7+ Rxf7 28. Bxf7 Rc5 29. Rc4 Rxc4 30. Bxc4 g6 31. Rd1 a4 32. Rd5 a3 33. Rxe5
Bf6 34. Ra5 Bb2 35. Ra7 1-0

[Event "Campeonato del Mundo sub-20 2010"]
[Site "Chotowa POL"]
[Date "2010.08.09"]
[Round "6.54"]
[White "Larmuseau, Michiel"]
[Black "Pecha, Tomas"]
[Result "0-1"]
[WhiteElo "2068"]
[BlackElo "2187"]
[PlyCount "56"]
[EventDate "2010.08.03"]
[EventType "swiss"]
[EventRounds "13"]
[EventCountry "POL"]
[Source "lmi"]
[SourceDate "2010.08.03"]

1. e4 e5 2. Nf3 Nc6 3. d4 exd4 4. Bc4 Nf6 5. e5 d5 6. Bb5 Ne4 7. Nxd4 Bd7 8.
Bxc6 bxc6 9. O-O Bc5 10. f3 Ng5 11. f4 Ne6 12. c3 Bb6 13. Be3 c5 14. Nxe6 fxe6
15. Na3 O-O 16. Nc2 Be8 17. Qg4 Qd7 18. Rad1 Bg6 19. Na3 Qf7 20. Qg3 Rad8 21.
Qf2 Bh5 22. Rd2 Qe7 23. Nc2 Bg6 24. Na1 c4 25. b4 Bd3 26. Re1 g5 27. Qg3 Rxf4
28. Nc2 Rdf8 0-1

[Event "Campeonato del Mundo sub-20 2010"]
[Site "Chotowa POL"]
[Date "2010.08.09"]
[Round "6.55"]
[White "Podolsky, Anton"]
[Black "Jasiak, Filip"]
[Result "1-0"]
[WhiteElo "2190"]
[BlackElo "1757"]
[PlyCount "115"]
[EventDate "2010.08.03"]
[EventType "swiss"]
[EventRounds "13"]
[EventCountry "POL"]
[Source "lmi"]
[SourceDate "2010.08.03"]

1. e4 c6 2. Nc3 d5 3. d4 g6 4. h4 Bg7 5. exd5 cxd5 6. h5 Nc6 7. Bb5 Nf6 8. h6
Bf8 9. Bg5 e6 10. f4 Be7 11. Nf3 a6 12. Be2 Qc7 13. Qd2 Bd7 14. Ne5 Rc8 15. Bf3
Na5 16. Qe2 Qb6 17. O-O-O Bc6 18. Bxf6 Bxf6 19. Bxd5 Bxd5 20. Nxd5 exd5 21.
Nc4+ Qe6 22. Qxe6+ fxe6 23. Nxa5 b6 24. Nb3 O-O 25. Rd3 Be7 26. g3 Kf7 27. Nd2
Rc7 28. Nf3 Bf6 29. Re1 Rfc8 30. Re2 Rf8 31. Ra3 a5 32. Rae3 Rc6 33. Kd2 Ke7
34. Rc3 Rcc8 35. Ree3 Kd7 36. Rxc8 Rxc8 37. Rc3 Rc6 38. Rxc6 Kxc6 39. Kd3 b5
40. g4 Kd6 41. g5 Be7 42. Ne5 Bf8 43. Kc3 Kc7 44. Kb3 a4+ 45. Kc3 Kc8 46. b3
axb3 47. Kxb3 Kc7 48. a4 bxa4+ 49. Kxa4 Kd6 50. Kb5 Kc7 51. Ka6 Kd6 52. Kb7 Ke7
53. Kc8 Ke8 54. Kc7 Bb4 55. Nxg6 Bd2 56. Kd6 hxg6 57. h7 Kf7 58. h8=Q 1-0

[Event "Campeonato del Mundo sub-20 2010"]
[Site "Chotowa POL"]
[Date "2010.08.09"]
[Round "6.56"]
[White "Zecevic, Ivan"]
[Black "Roos, Adrian"]
[Result "0-1"]
[WhiteElo "1995"]
[BlackElo "2097"]
[PlyCount "66"]
[EventDate "2010.08.03"]
[EventType "swiss"]
[EventRounds "13"]
[EventCountry "POL"]
[Source "lmi"]
[SourceDate "2010.08.03"]

1. e4 c5 2. Nf3 d6 3. d4 cxd4 4. Nxd4 Nf6 5. Nc3 a6 6. Bg5 e6 7. f4 Be7 8. Qf3
h6 9. Bh4 Qc7 10. O-O-O Nbd7 11. Bf2 b5 12. a3 Bb7 13. Nb3 d5 14. Nd2 Rc8 15.
Bd3 Bxa3 16. Ndb1 dxe4 17. Nxe4 Be7 18. Bd4 O-O 19. Rhf1 Nc5 20. Bxc5 Nxe4 21.
Bxe4 Bxe4 22. Qxe4 Qxc5 23. Nd2 Rc7 24. Nb3 Qb6 25. g4 a5 26. Nd4 a4 27. Kb1 a3
28. b3 a2+ 29. Kb2 Qa5 30. Qe3 Rfc8 31. Rf3 Qa3+ 32. Ka1 Rxc2 33. Nxc2 Rxc2 0-1

[Event "Campeonato del Mundo sub-20 2010"]
[Site "Chotowa POL"]
[Date "2010.08.09"]
[Round "6.58"]
[White "Parol, Pawel"]
[Black "Sreeves, Clement"]
[Result "1/2-1/2"]
[WhiteElo "1764"]
[BlackElo "2085"]
[PlyCount "32"]
[EventDate "2010.08.03"]
[EventType "swiss"]
[EventRounds "13"]
[EventCountry "POL"]
[Source "lmi"]
[SourceDate "2010.08.03"]

1. e4 c5 2. Nf3 d6 3. d4 cxd4 4. Nxd4 Nf6 5. Nc3 g6 6. Be3 Bg7 7. f3 Nc6 8. Qd2
O-O 9. O-O-O d5 10. exd5 Nxd5 11. Nxc6 bxc6 12. Bd4 Nxc3 13. Qxc3 Bh6+ 14. Be3
Bxe3+ 15. Qxe3 Qb6 16. Qxb6 axb6 1/2-1/2

[Event "Campeonato del Mundo sub-20 2010"]
[Site "Chotowa POL"]
[Date "2010.08.09"]
[Round "6.59"]
[White "Drnovsek, Nejc"]
[Black "Pierard, Florian"]
[Result "0-1"]
[WhiteElo "2173"]
[BlackElo "2081"]
[PlyCount "90"]
[EventDate "2010.08.03"]
[EventType "swiss"]
[EventRounds "13"]
[EventCountry "POL"]
[Source "lmi"]
[SourceDate "2010.08.03"]

1. d4 d5 2. c4 c6 3. Nf3 Nf6 4. Nc3 dxc4 5. a4 Bf5 6. e3 e6 7. Bxc4 Bb4 8. O-O
O-O 9. Qe2 Nbd7 10. e4 Bg6 11. Bd3 Bh5 12. e5 Nd5 13. Nxd5 cxd5 14. Qe3 Be7 15.
Ng5 Bxg5 16. Qxg5 Bg6 17. Be2 Qxg5 18. Bxg5 a6 19. Rfc1 Rfc8 20. a5 f6 21. exf6
Nxf6 22. Kf1 Be8 23. Ke1 Rc6 24. Rxc6 Bxc6 25. Rc1 Kf7 26. f3 Ke7 27. Bd3 Kd7
28. Kd2 Rf8 29. Ke3 g6 30. Bf4 Ne8 31. g4 Nd6 32. b3 Rc8 33. h4 Bb5 34. Rxc8
Nxc8 35. Bc2 Ke7 36. Be5 Be8 37. h5 Na7 38. Kf4 gxh5 39. Bxh7 hxg4 40. fxg4 Nc6
41. g5 Nxa5 42. b4 Nc6 43. b5 Nxe5 44. bxa6 Nc6 45. axb7 Nb8 0-1

[Event "Campeonato del Mundo sub-20 2010"]
[Site "Chotowa POL"]
[Date "2010.08.09"]
[Round "6.60"]
[White "Bryan-vissi, Mark"]
[Black "Gora, Jan"]
[Result "0-1"]
[WhiteElo "1847"]
[BlackElo "1848"]
[PlyCount "92"]
[EventDate "2010.08.03"]
[EventType "swiss"]
[EventRounds "13"]
[EventCountry "POL"]
[Source "lmi"]
[SourceDate "2010.08.03"]

1. e4 c5 2. c3 d6 3. d4 Nd7 4. Nf3 g6 5. Bd3 Bg7 6. Be3 Ngf6 7. h3 O-O 8. O-O
b6 9. Nbd2 Bb7 10. Rc1 d5 11. e5 Ne8 12. Nh2 c4 13. Bc2 f5 14. f4 Nc7 15. Nhf3
Ne6 16. h4 h5 17. g3 b5 18. Ra1 a5 19. a3 Nc7 20. b4 cxb3 21. Bxb3 Nb6 22. Qe2
e6 23. Rfb1 Qd7 24. Ne1 Rfc8 25. Nd3 Bf8 26. Nc5 Bxc5 27. dxc5 Nc4 28. Nxc4
dxc4 29. Bxc4 Qc6 30. Bd3 Qh1+ 31. Kf2 Qg2+ 32. Ke1 Qxg3+ 33. Qf2 Qxf2+ 34.
Kxf2 Ba6 35. Bd4 Rd8 36. Bf1 Rab8 37. Be2 Kf7 38. Ra2 Bb7 39. Rab2 Bc6 40. Ra1
Nd5 41. Kg3 b4 42. axb4 axb4 43. Rab1 Nxc3 44. Bxc3 bxc3 45. Rxb8 Rxb8 46. Rc1
Rb3 0-1

[Event "Campeonato del Mundo sub-20 2010"]
[Site "Chotowa POL"]
[Date "2010.08.10"]
[Round "7.4"]
[White "Yilmaz, Mustafa"]
[Black "Matlakov, Maxim"]
[Result "1/2-1/2"]
[WhiteElo "2479"]
[BlackElo "2603"]
[PlyCount "59"]
[EventDate "2010.08.03"]
[EventType "swiss"]
[EventRounds "13"]
[EventCountry "POL"]
[Source "lmi"]
[SourceDate "2010.08.03"]

1. e4 e5 2. Nf3 Nc6 3. Bb5 a6 4. Bxc6 dxc6 5. O-O Ne7 6. d4 exd4 7. Qxd4 Qxd4
8. Nxd4 Bd7 9. Nc3 O-O-O 10. Be3 Ng6 11. Rad1 Bb4 12. Nde2 f5 13. f3 Rde8 14.
Bd4 Rhg8 15. Ng3 c5 16. Nd5 cxd4 17. Nxb4 fxe4 18. Nxe4 a5 19. Nd5 Bb5 20. Rfe1
Rd8 21. Rxd4 c6 22. Nec3 Ba6 23. Nb6+ Kc7 24. Rxd8 Rxd8 25. Nba4 Rd2 26. Nc5
Rxc2 27. Nxa6+ bxa6 28. Re2 Rxe2 29. Nxe2 Ne5 30. Nc1 1/2-1/2

[Event "Campeonato del Mundo sub-20 2010"]
[Site "Chotowa POL"]
[Date "2010.08.10"]
[Round "7.5"]
[White "Blomqvist, Erik"]
[Black "Cordova Daza, Emilio Arturo"]
[Result "1/2-1/2"]
[WhiteElo "2407"]
[BlackElo "2560"]
[PlyCount "40"]
[EventDate "2010.08.03"]
[EventType "swiss"]
[EventRounds "13"]
[EventCountry "POL"]
[Source "lmi"]
[SourceDate "2010.08.03"]

1. d4 e6 2. Nf3 Nf6 3. c4 c5 4. Nc3 cxd4 5. Nxd4 a6 6. g3 Qc7 7. Bg2 Be7 8. O-O
O-O 9. Be3 d6 10. Rc1 Nbd7 11. h3 Re8 12. f4 Bf8 13. Bf2 Rb8 14. e3 Nb6 15. b3
h5 16. Nf3 g6 17. Ng5 Nbd7 18. g4 hxg4 19. hxg4 Qa5 20. Be1 b5 1/2-1/2

[Event "Campeonato del Mundo sub-20 2010"]
[Site "Chotowa POL"]
[Date "2010.08.10"]
[Round "7.6"]
[White "Baryshpolets, Andrey"]
[Black "Hovhannisyan, Robert"]
[Result "1/2-1/2"]
[WhiteElo "2450"]
[BlackElo "2529"]
[PlyCount "90"]
[EventDate "2010.08.03"]
[EventType "swiss"]
[EventRounds "13"]
[EventCountry "POL"]
[Source "lmi"]
[SourceDate "2010.08.03"]

1. d4 d5 2. c4 c6 3. Nf3 Nf6 4. Nc3 e6 5. Bg5 h6 6. Bxf6 Qxf6 7. e3 Nd7 8. Bd3
dxc4 9. Bxc4 g6 10. O-O Qe7 11. e4 Bg7 12. e5 O-O 13. Re1 Rd8 14. Bd3 b6 15.
Qe2 Rb8 16. Rad1 Bb7 17. Be4 b5 18. h4 Nb6 19. Bc2 c5 20. Nxb5 Bxf3 21. Qxf3
Nc4 22. Qb3 Nxe5 23. dxe5 Rxd1 24. Bxd1 a6 25. h5 g5 26. a4 axb5 27. axb5 Qd7
28. b6 Qc6 29. Qe3 Qxb6 30. b3 Rd8 31. g3 Rd4 32. f4 Qd8 33. Be2 gxf4 34. gxf4
Qh4 35. Rf1 Kh8 36. Qf3 f6 37. exf6 Bxf6 38. Qe3 Bg7 39. Qf3 Bf6 40. Kg2 e5 41.
fxe5 Qg5+ 42. Qg3 Qxg3+ 43. Kxg3 Bxe5+ 44. Kh3 Kg7 45. Rf5 Bd6 1/2-1/2

[Event "Campeonato del Mundo sub-20 2010"]
[Site "Chotowa POL"]
[Date "2010.08.10"]
[Round "7.7"]
[White "Bindrich, Falko"]
[Black "Volodin, Aleksandr"]
[Result "1/2-1/2"]
[WhiteElo "2522"]
[BlackElo "2422"]
[PlyCount "110"]
[EventDate "2010.08.03"]
[EventType "swiss"]
[EventRounds "13"]
[EventCountry "POL"]
[Source "lmi"]
[SourceDate "2010.08.03"]

1. Nf3 c5 2. c4 Nf6 3. Nc3 d6 4. g3 e5 5. Bg2 Be7 6. O-O Nc6 7. d3 O-O 8. a3 h6
9. Rb1 a5 10. Ne1 Be6 11. Nc2 d5 12. cxd5 Nxd5 13. Ne3 Nb6 14. b3 Rb8 15. Bd2
Bg5 16. f4 exf4 17. gxf4 Bf6 18. f5 Bxc3 19. Bxc3 Bd5 20. Nxd5 Nxd5 21. Bxd5
Qxd5 22. e4 Qd7 23. Rf3 f6 24. Rg3 Ne5 25. Kh1 Rbd8 26. Bxe5 fxe5 27. Qd2 Rf6
28. Qxa5 b6 29. Qd2 Rd6 30. Rd1 Kh8 31. Qg2 Qf7 32. Rg1 R8d7 33. Qc2 Rd4 34. a4
R7d6 35. Qc3 Qd7 36. a5 Rxd3 37. Rxd3 Rxd3 38. Qxe5 bxa5 39. Qxc5 Qd4 40. Qxd4
Rxd4 41. Re1 Rd3 42. Ra1 Re3 43. Ra4 g6 44. Rxa5 Rxe4 45. fxg6 Rb4 46. Ra3 Kg7
47. Kg2 Kxg6 48. Kf3 Kg5 49. Kg3 h5 50. Kf3 Rf4+ 51. Kg2 Rb4 52. Kf1 Rb8 53.
Kf2 Kf5 54. Kf3 Kg5 55. Kg3 Rb4 1/2-1/2

[Event "Campeonato del Mundo sub-20 2010"]
[Site "Chotowa POL"]
[Date "2010.08.10"]
[Round "7.8"]
[White "Tomczak, Jacek"]
[Black "Lalith, Babu Musunuri Rohit"]
[Result "1-0"]
[WhiteElo "2509"]
[BlackElo "2502"]
[PlyCount "57"]
[EventDate "2010.08.03"]
[EventType "swiss"]
[EventRounds "13"]
[EventCountry "POL"]
[Source "lmi"]
[SourceDate "2010.08.03"]

1. e4 c6 2. d4 d5 3. exd5 cxd5 4. c4 Nf6 5. Nc3 e6 6. Nf3 Bb4 7. Bd3 dxc4 8.
Bxc4 O-O 9. O-O b6 10. Bg5 Bb7 11. Ne5 Bc8 12. Nf3 Bb7 13. Ne5 Nc6 14. Bxf6
gxf6 15. Nxc6 Bxc6 16. d5 Bxc3 17. dxc6 Bxb2 18. Qg4+ Kh8 19. Rad1 Qc7 20. Bxe6
Rg8 21. Qh3 Raf8 22. Bf5 Rg7 23. Qf3 Be5 24. g3 Bd6 25. Rd4 Rfg8 26. Kg2 Qe7
27. Rfd1 Be5 28. Rh4 Rd8 29. Rd7 1-0

[Event "Campeonato del Mundo sub-20 2010"]
[Site "Chotowa POL"]
[Date "2010.08.10"]
[Round "7.9"]
[White "Dimitrov, Radoslav"]
[Black "Saric, Ivan"]
[Result "0-1"]
[WhiteElo "2380"]
[BlackElo "2584"]
[PlyCount "72"]
[EventDate "2010.08.03"]
[EventType "swiss"]
[EventRounds "13"]
[EventCountry "POL"]
[Source "lmi"]
[SourceDate "2010.08.03"]

1. c4 g6 2. Nc3 Bg7 3. g3 e5 4. Bg2 d6 5. e3 Nf6 6. Nge2 O-O 7. O-O c6 8. d4
Re8 9. d5 e4 10. dxc6 Nxc6 11. Nd4 Bg4 12. Qc2 Qd7 13. Nxc6 Qxc6 14. h3 Bf3 15.
Bxf3 exf3 16. Qd3 Rac8 17. Rd1 Qd7 18. e4 Qxh3 19. Qxf3 Rxc4 20. Rxd6 Nxe4 21.
Nxe4 Rcxe4 22. Be3 Bh6 23. Re1 Bxe3 24. Rxe3 Rxe3 25. fxe3 Qc8 26. Rd1 Qc5 27.
Kf2 Re5 28. g4 h5 29. Rd7 Qc2+ 30. Kg3 Qc4 31. Rd4 Qe6 32. e4 Rg5 33. Rd8+ Kh7
34. Qc3 Qxg4+ 35. Kf2 Qg2+ 36. Ke1 Qg1+ 0-1

[Event "Campeonato del Mundo sub-20 2010"]
[Site "Chotowa POL"]
[Date "2010.08.10"]
[Round "7.10"]
[White "Hammer, Jon Ludvig"]
[Black "Leniart, Arkadiusz"]
[Result "1-0"]
[WhiteElo "2636"]
[BlackElo "2423"]
[PlyCount "79"]
[EventDate "2010.08.03"]
[EventType "swiss"]
[EventRounds "13"]
[EventCountry "POL"]
[Source "lmi"]
[SourceDate "2010.08.03"]

1. e4 e6 2. d4 d5 3. Nd2 c5 4. exd5 exd5 5. Ngf3 Nf6 6. Be2 Ng8 7. Bf1 Nf6 8.
Be2 Nbd7 9. O-O Be7 10. dxc5 Nxc5 11. Nb3 Nce4 12. Bf4 O-O 13. Nfd4 Bd6 14.
Bxd6 Nxd6 15. c3 Qc7 16. h3 Bd7 17. a4 a6 18. Nc2 Nc4 19. Bxc4 dxc4 20. Nbd4
Rfe8 21. Qf3 Re5 22. a5 Rae8 23. Rfe1 Rxe1+ 24. Rxe1 Rxe1+ 25. Nxe1 Qe5 26.
Nec2 Bc8 27. Ne3 Qxa5 28. Qf4 Qc5 29. Ndf5 Bxf5 30. Nxf5 h6 31. Nxh6+ gxh6 32.
Qxf6 Qb5 33. Qxh6 Qxb2 34. Qg5+ Kh7 35. Qh5+ Kg7 36. Qg4+ Kf8 37. Qxc4 Kg7 38.
Qg4+ Kf8 39. Qc4 b5 40. Qb4+ 1-0

[Event "Campeonato del Mundo sub-20 2010"]
[Site "Chotowa POL"]
[Date "2010.08.10"]
[Round "7.11"]
[White "Diamant, Andre"]
[Black "Ponizil, Cyril"]
[Result "1-0"]
[WhiteElo "2518"]
[BlackElo "2406"]
[PlyCount "69"]
[EventDate "2010.08.03"]
[EventType "swiss"]
[EventRounds "13"]
[EventCountry "POL"]
[Source "lmi"]
[SourceDate "2010.08.03"]

1. e4 c5 2. Nf3 Nc6 3. d4 cxd4 4. Nxd4 e5 5. Nb5 d6 6. N1c3 a6 7. Na3 b5 8. Nd5
Nce7 9. c4 Nxd5 10. cxd5 f5 11. exf5 Nf6 12. Nc2 Bxf5 13. Bd3 Bg4 14. f3 Bh5
15. O-O Be7 16. a4 O-O 17. Re1 Qc7 18. Qd2 bxa4 19. Rxa4 a5 20. Ne3 Nd7 21. Rc4
Nc5 22. Qc2 Kh8 23. Bxh7 Qb6 24. Kh1 Nb3 25. Nf5 Bd8 26. Be3 Qb5 27. Nxd6 Qxd5
28. Be4 Qxd6 29. Bxa8 Nd4 30. Bxd4 exd4 31. Be4 Bg5 32. Rc8 Be3 33. Qc6 Qb4 34.
Rxf8+ Qxf8 35. Qd5 1-0

[Event "Campeonato del Mundo sub-20 2010"]
[Site "Chotowa POL"]
[Date "2010.08.10"]
[Round "7.13"]
[White "Kanarek, Marcel"]
[Black "Martinovic, Sasa"]
[Result "1/2-1/2"]
[WhiteElo "2387"]
[BlackElo "2505"]
[PlyCount "53"]
[EventDate "2010.08.03"]
[EventType "swiss"]
[EventRounds "13"]
[EventCountry "POL"]
[Source "lmi"]
[SourceDate "2010.08.03"]

1. e4 e6 2. d4 d5 3. Nc3 Bb4 4. e5 Ne7 5. a3 Bxc3+ 6. bxc3 c5 7. h4 Qc7 8. Nf3
b6 9. h5 h6 10. a4 Ba6 11. Bb5+ Bxb5 12. axb5 Nd7 13. O-O O-O 14. Nh4 Kh8 15.
Qg4 Rfc8 16. Ra3 cxd4 17. cxd4 Qxc2 18. Rg3 Qh7 19. Ba3 Nf5 20. Nxf5 exf5 21.
Qf3 Nf8 22. Bxf8 Rxf8 23. Qxd5 f4 24. Rg4 Rad8 25. Qf3 Rxd4 26. Rxf4 Rxf4 27.
Qxf4 1/2-1/2

[Event "Campeonato del Mundo sub-20 2010"]
[Site "Chotowa POL"]
[Date "2010.08.10"]
[Round "7.15"]
[White "Kasyan, Aleksandr"]
[Black "Sieciechowicz, Marcin"]
[Result "1-0"]
[WhiteElo "2326"]
[BlackElo "2445"]
[PlyCount "73"]
[EventDate "2010.08.03"]
[EventType "swiss"]
[EventRounds "13"]
[EventCountry "POL"]
[Source "lmi"]
[SourceDate "2010.08.03"]

1. d4 d5 2. c4 c6 3. Nc3 Nf6 4. Nf3 e6 5. Bg5 h6 6. Bh4 dxc4 7. e4 g5 8. Bg3 b5
9. Qc2 Bg7 10. O-O-O O-O 11. Be2 a5 12. h4 g4 13. Ne5 b4 14. Na4 b3 15. axb3
cxb3 16. Qd3 Ba6 17. Qe3 Bb5 18. Nc3 Bxe2 19. Qxe2 a4 20. Nc4 Nbd7 21. Na3 Qe7
22. h5 c5 23. d5 exd5 24. e5 d4 25. exf6 Qxf6 26. Ne4 Qe6 27. Rhe1 c4 28. Nd6
Qf6 29. Qxc4 d3 30. Rd2 Nb6 31. Qxg4 Rac8+ 32. Nxc8 Rxc8+ 33. Kb1 Qc6 34. Be5
f6 35. Bc3 Nd5 36. Rxd3 Kh8 37. Rxd5 1-0

[Event "Campeonato del Mundo sub-20 2010"]
[Site "Chotowa POL"]
[Date "2010.08.10"]
[Round "7.16"]
[White "Salgado Lopez, Ivan"]
[Black "Krzyzanowski, Marcin"]
[Result "1/2-1/2"]
[WhiteElo "2607"]
[BlackElo "2377"]
[PlyCount "89"]
[EventDate "2010.08.03"]
[EventType "swiss"]
[EventRounds "13"]
[EventCountry "POL"]
[Source "lmi"]
[SourceDate "2010.08.03"]

1. d4 d5 2. c4 c6 3. e3 Nf6 4. Nc3 e6 5. Bd3 Nbd7 6. Nge2 Bd6 7. Ng3 O-O 8. O-O
Re8 9. Bd2 e5 10. cxd5 cxd5 11. Nb5 Bb8 12. dxe5 Nxe5 13. Be2 Nc6 14. Bc3 Ne4
15. Nxe4 dxe4 16. Qxd8 Rxd8 17. Rfd1 Rxd1+ 18. Rxd1 Be6 19. a3 a6 20. Nd4 Nxd4
21. Rxd4 Be5 22. Rxe4 Bxc3 23. bxc3 Rc8 24. c4 Kf8 25. f4 Rc5 26. Re5 Rxe5 27.
fxe5 Ke7 28. Kf2 Kd7 29. Ke1 a5 30. Kd2 Kc6 31. Kc3 Kc5 32. Bd3 h6 33. Be2 b6
34. Bd3 Bd7 35. Be2 Be6 36. h3 g6 37. Bd3 Bd7 38. Be2 Be6 39. Bd3 Bd7 40. h4
Be6 41. Be2 Bd7 42. Bd3 Be6 43. Bf1 Bc8 44. Be2 Bd7 45. Bd3 1/2-1/2

[Event "Campeonato del Mundo sub-20 2010"]
[Site "Chotowa POL"]
[Date "2010.08.10"]
[Round "7.18"]
[White "Firat, Burak"]
[Black "Nabaty, Tamir"]
[Result "0-1"]
[WhiteElo "2420"]
[BlackElo "2523"]
[PlyCount "60"]
[EventDate "2010.08.03"]
[EventType "swiss"]
[EventRounds "13"]
[EventCountry "POL"]
[Source "lmi"]
[SourceDate "2010.08.03"]

1. e4 e5 2. Nf3 Nc6 3. Bb5 a6 4. Ba4 Nf6 5. O-O Bc5 6. c3 O-O 7. d4 Ba7 8. dxe5
Nxe4 9. Qd5 Nc5 10. Bc2 Ne7 11. Qd1 d5 12. exd6 cxd6 13. b4 Ne6 14. Nbd2 d5 15.
Bb2 Nf4 16. c4 d4 17. c5 d3 18. Bb3 Neg6 19. Kh1 Bd7 20. Nd4 a5 21. a3 Bb8 22.
N2f3 Bg4 23. Qd2 Nxg2 24. Kxg2 Bf4 25. Qc3 Nh4+ 26. Nxh4 Qxh4 27. Nf3 Qh3+ 28.
Kg1 Qh6 29. Nh4 Rae8 30. Rae1 Be2 0-1

[Event "Campeonato del Mundo sub-20 2010"]
[Site "Chotowa POL"]
[Date "2010.08.10"]
[Round "7.19"]
[White "Pacher, Milan"]
[Black "Grandelius, Nils"]
[Result "1/2-1/2"]
[WhiteElo "2417"]
[BlackElo "2505"]
[PlyCount "85"]
[EventDate "2010.08.03"]
[EventType "swiss"]
[EventRounds "13"]
[EventCountry "POL"]
[Source "lmi"]
[SourceDate "2010.08.03"]

1. e4 e5 2. Nf3 Nc6 3. Bb5 a6 4. Bxc6 dxc6 5. Nc3 Qd6 6. d4 exd4 7. Qxd4 Qxd4
8. Nxd4 Bd7 9. Be3 O-O-O 10. O-O-O Ne7 11. f3 b6 12. Rd2 h6 13. Rhd1 g6 14. a4
a5 15. Nce2 Bg7 16. c4 f5 17. exf5 Nxf5 18. Nxf5 Bxf5 19. Bd4 Rhg8 20. Bxg7
Rxd2 21. Kxd2 Rxg7 22. Nd4 Bd7 23. b3 Re7 24. Re1 Rxe1 25. Kxe1 Kd8 26. Kd2 Ke7
27. Ne2 Kd6 28. g4 b5 29. Nd4 bxa4 30. bxa4 c5 31. Nb3 Bxa4 32. Nxa5 Ke5 33.
Ke3 g5 34. Nb7 Bb3 35. Nxc5 Bxc4 36. Nd7+ Ke6 37. Nc5+ Kd5 38. Ne4 Ke5 39. Ng3
Be6 40. Ne4 Bd5 41. Ng3 c5 42. Nf5 h5 43. h4 1/2-1/2

[Event "Campeonato del Mundo sub-20 2010"]
[Site "Chotowa POL"]
[Date "2010.08.10"]
[Round "7.20"]
[White "Anwesh, Upadhyaya"]
[Black "Piorun, Kacper"]
[Result "1/2-1/2"]
[WhiteElo "2412"]
[BlackElo "2499"]
[PlyCount "37"]
[EventDate "2010.08.03"]
[EventType "swiss"]
[EventRounds "13"]
[EventCountry "POL"]
[Source "lmi"]
[SourceDate "2010.08.03"]

1. d4 Nf6 2. c4 g6 3. Nc3 d5 4. h4 c6 5. Bg5 Bg7 6. e3 Nbd7 7. cxd5 Nxd5 8.
Nxd5 cxd5 9. h5 h6 10. Bh4 g5 11. Bg3 O-O 12. Nf3 Nf6 13. Be5 Ne4 14. Bxg7 Kxg7
15. Nd2 Qa5 16. Bd3 Bg4 17. f3 Nxd2 18. Qxd2 Qxd2+ 19. Kxd2 1/2-1/2